[Event "Belgrade-chT"]
[Site "Belgrade"]
[Date "2017.10.21"]
[Round "6.6"]
[White "Hajder, Jovica"]
[Black "Nikolajevic, Branislav"]
[Result "0-1"]
[WhiteElo "1943"]
[BlackElo "2141"]
[PlyCount "22"]
[EventDate "2017.10.01"]
[EventType "team-tourn"]
[EventRounds "11"]
[EventCountry "SRB"]
[SourceTitle "CBM 181 Extra"]
[Source "ChessBase"]
[SourceDate "2017.12.12"]
[SourceVersion "1"]
[SourceVersionDate "2017.12.12"]
[SourceQuality "1"]
[WhiteTeam "Dunavski Venac"]
[BlackTeam "Cyril i Metodije"]
[WhiteTeamCountry "SRB"]
[BlackTeamCountry "SRB"]

1. e4 c5 2. Nf3 Nc6 3. d4 cxd4 4. c3 d3 5. Bxd3 d6 6. 0-0 Nf6 7. Re1 e6 8. Nbd2 Be7 9. Nf1 a6 10. Ng3 0-0 11. h3 Qc7 0-1